Score 0/10 Timer 05:00
0 Plays Today
Rank Country % Correct
7)South Africa
96.2%
1)Russia
90.4%
4)Australia
84.6%
5)Canada
78.8%
2)Botswana
76.9%
8)Zimbabwe
75%
6)Angola
73.1%
9)Namibia
69.2%
3)The Democratic Republic of Congo
55.8%
10)Sierra Leone
50%
Remove Ads.
Support Sporcle.
Get the best of Sporcle when you Go Orange. This ad-free experience offers more features, more stats, and more fun while also helping to support Sporcle. Thank you for becoming a member.

You're not logged in!

Compare scores with friends on all Sporcle quizzes.
OR
Log In

Show Comments

Extras

Top Quizzes Today


Score Distribution

Your Account Isn't Verified!

In order to create a playlist on Sporcle, you need to verify the email address you used during registration. Go to your Sporcle Settings to finish the process.

Report this User

Report this user for behavior that violates our Community Guidelines.

Details: